<?xml version='1.0' encoding='UTF-8'?>
  <record xmlns="http://www.loc.gov/MARC21/slim">
    <leader>00000cam a2200000 i 4500</leader>
    <controlfield tag="001">ocm71449054</controlfield>
    <controlfield tag="003">OCoLC</controlfield>
    <controlfield tag="005">20241006144239.9</controlfield>
    <controlfield tag="008">881115s1788    ne            000 0 lat d</controlfield>
    <datafield tag="040" ind1=" " ind2=" ">
      <subfield code="a">NLGGC</subfield>
      <subfield code="b">dut</subfield>
      <subfield code="e">fobidrtb</subfield>
      <subfield code="c">NLGGC</subfield>
      <subfield code="d">L2U</subfield>
      <subfield code="d">OCLCO</subfield>
      <subfield code="d">OCLCL</subfield>
      <subfield code="d">OCLCQ</subfield>
    </datafield>
    <datafield tag="029" ind1="0" ind2=" ">
      <subfield code="a">NLGGC</subfield>
      <subfield code="b">049744240</subfield>
    </datafield>
    <datafield tag="035" ind1=" " ind2=" ">
      <subfield code="a">(OCoLC)71449054</subfield>
    </datafield>
    <datafield tag="084" ind1=" " ind2=" ">
      <subfield code="a">42.40</subfield>
      <subfield code="2">bcl</subfield>
    </datafield>
    <datafield tag="100" ind1="1" ind2=" ">
      <subfield code="a">Geuns, Steven Jan van</subfield>
      <subfield code="q">(Stephanus Johannes Matthiaszoon),</subfield>
      <subfield code="d">1767-1795.</subfield>
      <subfield code="1">https://id.oclc.org/worldcat/entity/E39PBJjmPKTC8FmK3FF9dWK8G3</subfield>
    </datafield>
    <datafield tag="245" ind1="1" ind2="0">
      <subfield code="a">Plantarum Belgii confoederati indigenarum spicilegium, quo Dav. Gorteri viri cl. Flora VII provinciarum locupletatur /</subfield>
      <subfield code="c">auctore Stephano Joanne van Geuns.</subfield>
    </datafield>
    <datafield tag="246" ind1="3" ind2=" ">
      <subfield code="a">Plantarum Belgii confoederati indigenarum spicilegium, quo D. Gorteri Flora 7 provinciarum locupletatur</subfield>
    </datafield>
    <datafield tag="260" ind1=" " ind2=" ">
      <subfield code="a">Hardervici :</subfield>
      <subfield code="b">apud Joannem van Kasteel,</subfield>
      <subfield code="c">1788.</subfield>
    </datafield>
    <datafield tag="300" ind1=" " ind2=" ">
      <subfield code="a">xiv p., pp. [15]-77. ;</subfield>
      <subfield code="c">23 cm.</subfield>
    </datafield>
    <datafield tag="336" ind1=" " ind2=" ">
      <subfield code="a">tekst</subfield>
      <subfield code="b">txt</subfield>
      <subfield code="2">rdacontent/dut</subfield>
    </datafield>
    <datafield tag="337" ind1=" " ind2=" ">
      <subfield code="a">zonder medium</subfield>
      <subfield code="b">n</subfield>
      <subfield code="2">rdamedia/dut</subfield>
    </datafield>
    <datafield tag="338" ind1=" " ind2=" ">
      <subfield code="a">band</subfield>
      <subfield code="b">nc</subfield>
      <subfield code="2">rdacarrier/dut</subfield>
    </datafield>
    <datafield tag="504" ind1=" " ind2=" ">
      <subfield code="a">Met index.</subfield>
    </datafield>
    <datafield tag="530" ind1=" " ind2=" ">
      <subfield code="a">Titel is geselecteerd voor digitalisering voor de Universiteit van Leiden in het kader van het Google Books-project.</subfield>
    </datafield>
    <datafield tag="650" ind1=" " ind2="7">
      <subfield code="a">42.40 botany: general.</subfield>
      <subfield code="0">(NL-LeOCL)077603206</subfield>
      <subfield code="2">bcl</subfield>
    </datafield>
    <datafield tag="650" ind1="1" ind2="7">
      <subfield code="a">Plantkunde.</subfield>
      <subfield code="2">gtt</subfield>
      <subfield code="0">(NL-LeOCL)078629217</subfield>
    </datafield>
    <datafield tag="700" ind1="1" ind2=" ">
      <subfield code="a">Gorter, David de,</subfield>
      <subfield code="c">Joh. fil.,</subfield>
      <subfield code="d">1717-1783.</subfield>
      <subfield code="1">https://id.oclc.org/worldcat/entity/E39PBJm4VFJC4Wr4HC4RVffpfq</subfield>
    </datafield>
    <datafield tag="710" ind1="0" ind2=" ">
      <subfield code="a">Kasteel, Johannes van (Harderwijk)</subfield>
      <subfield code="4">prt</subfield>
      <subfield code="0">(NL-LeOCL)077137868</subfield>
    </datafield>
    <datafield tag="758" ind1=" " ind2=" ">
      <subfield code="a">Plantarum Belgii confoederati indigenarum Spicilegium, quo Dav. Gorteri viri cl. Flora VII. provinciarum locupletatur (Text)</subfield>
      <subfield code="1">https://id.oclc.org/worldcat/entity/E39PCGpfTprhkjQ3tKYkgKY4G3</subfield>
      <subfield code="4">https://id.oclc.org/worldcat/ontology/hasWork</subfield>
    </datafield>
    <datafield tag="776" ind1="0" ind2=" ">
      <subfield code="t">Plantarum Belgii confoederati indigenarum spicilegium, quo D. Gorteri Flora 7 provinciarum locupletatur</subfield>
      <subfield code="w">(NL-LeOCL)41136491X</subfield>
    </datafield>
    <datafield tag="936" ind1=" " ind2=" ">
      <subfield code="a">BATCHLOAD</subfield>
    </datafield>
  </record>